000 00701nam a2200241Ia 4500
003 OSt
005 20221006153545.0
006 a|||||r|||| 00| 0
007 ta
008 221006b |||||||| |||| 00| 0 jpn d
024 _a32,686
037 _cTextual
040 _aEASL
_cEASL
_bjpn
041 _2jpn
_ajpn
082 _aP42,9, M01.1-.2
100 _aJapnese Language Promotion Centre. Ed. Ed.
_9664389
245 0 _aIntensive course in Japanese Intermediate, Main Text, (English Keys) & Glossary
260 _c1979
300 _ap.
_ccm.
490 _v V.2
942 _hP42,9, M01.1-.2
_cTEXL
_2CC
999 _c1100772
_d1100772